Statistics for South African cities/towns

Click here to take the quiz!

General Stats

  • This quiz has been taken 15 times
  • The average score is 6 of 18

Answer Stats

Province City % Correct
Western CapeCape Town
100%
GautengJohannesburg
100%
GautengPretoria
100%
Free StateBloemfontein
93%
Kwa Zulu NatalDurban
79%
Eastern CapePort Elizabeth
64%
Kwa Zulu NatalPietermaritzburg
29%
Northern CapeUpington
21%
LimpopoPolokwane
21%
MpumalangaMbombela
7%
Western CapeWorcester
7%
Northern CapeSpringbok
7%
MpumalangaSkukuza
7%
LimpopoPhalaborwa
7%
North WestKlerksdorp
0%
North WestMahikeng
0%
Eastern CapeJeffreys Bay
0%
Free StateBethlehem
0%

Score Distribution

Percentile by Number Answered

Percent of People with Each Score

Your Score History

You have not taken this quiz